000 00604nab a2200181 4500
001 244442
003 OSt
005 20240716093022.0
007 tu
008 200917s2020|||||||
040 _aDE-2950
_cDE-2950
245 0 0 _aBesucherrekord beim Stadtfest
_bBunter Hering. So voll wie diesmal war es noch nie in Frankfurt. Welches Fazit Besucher und Veranstalter 2024 ziehen/
_cLisa Larossa, Thomas Gutke
264 _c2024
653 _aFrankfurt (Oder)
653 _aStadtfest
773 0 _g35. Jahrgang (2024) Nr. 163 vom 15.07.2024, S. 11, 13 mit Foto
_tMärkische Oderzeitung
942 _2z
_cA
999 _c373257
_d373257